000 00785nam a2200253Ia 4500
003 OSt
005 20220918170404.0
006 a|||||r|||| 00| 0
007 ta
008 220917b |||||||| |||| 00| 0 eng d
020 _a9780199559473 (hbk)
_c4793.39
024 _a242,130
037 _b8781, 30/07/2009, Elite Publishers Distributors
_cTextual
040 _aARTS
_cARTS
_beng
041 _2eng
_aeng
082 _aP:(S:4), P9.1
100 _aSeuren Pieter A. M.
_914738
245 0 _aLanguage in cognition
260 _aOxford
_bOxford University Press UK
_c2009
300 _axiii,388p.
_ccm.
650 _aLINGUISTICS
942 _hP:(S:4), P9.1
_cTEXL
_2CC
999 _c133951
_d133951